000 00607nam a2200229Ia 4500
003 OSt
005 20221005130740.0
006 a|||||r|||| 00| 0
007 ta
008 221004b |||||||| |||| 00| 0 mar d
024 _a63273
037 _cTextual
040 _aCRL
_cCRL
_bmar
041 _2mar
_amar
082 _aO155,6N03,1, G9
100 _aDeshpandey Vaman Narayan Au.
_9638599
245 0 _aSamartisathal
260 _c1939
650 _aMARATHI LITERATURE
_938000
942 _hO155,6N03,1, G9
_cTEXL
_2cc
999 _c1058278
_d1058278